000 01204cam a2200349 i 4500
001 768714001
003 CO-MdFUSB
005 20240615085816.0
007 ta
008 120312t1995 ck 000 0 spa d
020 _a9789588285924
040 _aGO8
_beng
_cCO-MdFUSB
_dOCLCF
_dCGP
_dOCLCO
_dOCLCQ
_erda
041 1 _aspa
_heng
082 _223
_a234
_bM612
100 1 _aMeyer, Joyce.
_eautor
240 1 0 _aIf not for the grace of God.
245 1 0 _aSi no fuera por la gracia de Dios /
_cJoyce Meyer ; traducido por Rogelio Díaz-Díaz
246 3 0 _aGracia de Dios.
264 1 _aColombia, Bogotá :
_bDesafío,
_c[1995]
264 4 _c©1995
300 _a188 páginas ;
_c17 cm.
336 _atexto
_btxt
_2rdacontent.
337 _asin mediación
_bn
_2rdamedia.
338 _avolumen
_bnc
_2rdacarrier.
505 _aGracia superabundante -- El poder de la gracia -- Libres de razonamientos y preocupaciones -- Favor sobrenatural -- Una actitud de agradecimiento -- Viviendo por gracia una vida santa.
563 _aRústico
650 7 _aGracia (Teología)
650 7 _aVida cristiana.
700 1 _aDíaz Díaz, Rogelio.
_etraductor
942 _cBK
945 _aJTF-925
999 _c67885
_d67885